[Event "3rd GRENKE Chess Open 2018"]
[Site "Karlsruhe"]
[Date "2018.03.31"]
[Round "5"]
[White "Trent, Lawrence"]
[Black "Fridman, Daniel"]
[Result "0-1"]
[WhiteElo "2440"]
[BlackElo "2637"]
[Annotator "TA"]
[PlyCount "39"]
[EventDate "2018.??.??"]
[EventType "swiss"]
[EventCountry "GER"]
[SourceTitle "playchess.com"]
[Source "ChessBase"]
[SourceQuality "1"]

{[%evp 9,39,15,31,-6,-2,-25,19,-6,1,-40,-39,-51,-64,-106,-116,-117,-91,-129,-104,-106,-101,-114,-80,-125,-120,-252,-200,-211,-154,-222,-201,-621]} 1. e4 c6 2. d4 d5 3. e5 Bf5 4. h4 Qc7 (4... h5 5. Bd3 Bxd3 6. Qxd3 Qa5+ 7. Nd2 e6 8. Ne2 Ne7 9. O-O Nf5 10. Nf3 Qa6 11. Qd1 Be7 12. g3 c5 {½-½ (67) Nakamura,H (2787)-Artemiev,V (2697) Moscow 2018}) 5. g4 Bd7 {LiveBook: 4 Games} 6. f4 {B12: Caro-Kann: Advance Variation} c5 $146 ({Find the theoretical novelty and annotate with similar games:} 6... e6 7. Bd3 c5 8. c3 Nc6 9. Ne2 Qb6 10. Bc2 Nh6 11. Rg1 Be7 12. g5 {0-1 (27) Mehringer,J (1976)-Van Foreest,J (2546) Heusenstamm 2015}) 7. dxc5 Nh6 8. Be2 {The position is equal.} (8. Nc3 {NOTEXT} Nxg4 9. b4 Nc6 10. Nxd5 Qc8 11. a3) 8... e6 9. Nd2 Bxc5 10. Nb3 Bb6 $1 11. Kf1 Nc6 12. Rh3 O-O 13. Kg2 d4 14. c4 dxc3 15. Rxc3 Rad8 16. Qc2 Qb8 17. Nh3 {[#]} (17. a3 $17 {might work better.}) 17... Nb4 $1 $19 {[%cal Rb4c2]} 18. Qb1 {Black is clearly better.} Bc6+ 19. Kh2 (19. Rxc6 $17 Nxc6 20. Ng5) 19... f6 20. Rg3 $2 {Precision: White = 17%, Black = 65%.} (20. exf6 gxf6 21. Rg3) 0-1

[Event "3rd GRENKE Chess Open 2018"]
[Site "Karlsruhe"]
[Date "2018.03.31"]
[Round "5"]
[White "Vogel, Roven"]
[Black "Banusz, Tamas"]
[Result "1/2-1/2"]
[WhiteElo "2438"]
[BlackElo "2618"]
[Annotator "TA"]
[PlyCount "64"]
[EventDate "2018.??.??"]
[EventType "swiss"]
[EventCountry "GER"]
[SourceTitle "playchess.com"]
[Source "ChessBase"]
[SourceQuality "1"]

{[%evp 23,64,0,6,0,11,-12,0,-14,1,0,6,-11,-10,-10,-9,-11,-21,-18,-16,-20,-12,-7,-8,-11,-10,-8,-11,-8,-5,-7,-1,-7,-5,-16,-14,-16,0,0,0,0,0,-10,0]} 1. d4 d5 2. c4 c6 3. cxd5 cxd5 4. Nc3 Nf6 5. Bf4 Nc6 6. e3 Bf5 7. Nf3 e6 8. Bd3 Bxd3 9. Qxd3 Be7 10. O-O O-O 11. h3 Nd7 12. Rfc1 a6 {LiveBook: 6 Games. The position is equal.} 13. Nb1 $146 {D14: Slav Defence: Exchange variation with ...Bf5} ({Predecessor:} 13. Na4 Rc8 14. Qe2 Qa5 15. Nc3 Na7 16. a3 Nb5 17. Nxb5 axb5 18. Qe1 Qa4 19. Rxc8 Rxc8 20. Rc1 Rxc1 21. Qxc1 {1-0 (46) Costachi,M (2430)-Yilmaz,M (2621) Graz 2017}) 13... Rc8 14. Nbd2 Qb6 15. Qb3 Qa7 16. Qd1 Qb6 17. Qb3 Qxb3 18. Nxb3 f6 19. Bg3 Kf7 20. Ne1 e5 21. Nd3 Nb4 22. Nxb4 Bxb4 23. f3 Ke6 24. Kf1 a5 25. Be1 Bxe1 26. Kxe1 b6 27. Rxc8 Rxc8 $11 {KRN-KRN} 28. Kd2 Kd6 29. Nc1 h5 30. h4 Nf8 31. Ne2 Ne6 32. Rc1 Rg8 {Precision: White = 71%, Black = 48%.} 1/2-1/2

[Event "3rd GRENKE Chess Open 2018"]
[Site "Karlsruhe"]
[Date "2018.03.31"]
[Round "5"]
[White "Halvax, Georg"]
[Black "Bindrich, Falko"]
[Result "0-1"]
[WhiteElo "2431"]
[BlackElo "2602"]
[Annotator "TA"]
[PlyCount "94"]
[EventDate "2018.??.??"]
[EventType "swiss"]
[EventCountry "GER"]
[SourceTitle "playchess.com"]
[Source "ChessBase"]
[SourceQuality "1"]

{[%evp 11,94,0,5,12,33,37,38,31,37,0,0,0,0,-12,-11,-11,-4,-8,-11,-10,0,0,0,0,0,0,0,0,0,0,-6,-9,-2,-19,0,0,0,0,0,0,0,0,0,0,0,0,0,0,0,-104,-104,-123,-115,-238,-233,-350,-329,-424,-430,-424,-422,-414,-391,-363,0,-756,-760,-743,-707,-660,-642,-1114,-5281,-5189,-5206,-5089,-4510,-1829,-2509,-1834,-1505,-6522,-8635,-29972,-5601]} 1. e4 e5 2. Nf3 Nc6 3. d4 exd4 4. Nxd4 Bc5 5. Nb3 Bb6 6. Nc3 Nf6 7. Qe2 {C45: Scotch Game} (7. Bg5 h6 8. Bh4 d6 9. f3 g5 10. Bg3 Qe7 11. Qd2 Bd7 12. h4 Rg8 13. O-O-O O-O-O 14. hxg5 hxg5 15. Rh6 Be6 16. Bb5 Bxb3 17. axb3 {1-0 (41) Navara,D (2726)-Malakhov,V (2691) Antalya 2017}) 7... d6 8. Be3 Be6 9. O-O-O {White is slightly better.} Qe7 10. f3 O-O-O 11. Bxb6 axb6 12. Qb5 {[#]} d5 $1 {[%mdl 512]} 13. Qa4 (13. Nxd5 Bxd5) 13... Kb8 14. Bb5 dxe4 $146 ({Predecessor:} 14... Na7) 15. Bxc6 {Nb5 would kill now.} bxc6 16. Nd4 Bd7 $1 17. Nxc6+ Bxc6 18. Qxc6 {[%cal Rc3e4]} e3 {Hoping for ...Rxd1+.} 19. Qc4 Rhe8 {[%cal Bh8e8,Be8d8,Bd8d2][%mdl 32] Threatens to win with ...Rd2!} 20. Rxd8+ Rxd8 21. Re1 Rd2 22. Re2 Qd6 23. g3 Kb7 24. a4 Nd5 $40 {[%mdl 128] Black has some attack.} 25. Rxd2 (25. Ne4 $2 {gets mated.} Rd1+ $1 {[%mdl 512]} 26. Kxd1 Nc3+ 27. Ke1 Qd1#) 25... exd2+ 26. Kxd2 Qh6+ 27. f4 Qxh2+ 28. Ne2 Qg2 29. a5 bxa5 {[%cal Bb6a5,Ba5a4][%mdl 32]} 30. Qb5+ (30. Qb3+ $11 Kc8 31. Qa2) 30... Nb6 $17 31. Ke1 a4 32. Qh5 {[#]} (32. Qd3 $17 {was worth a try.}) 32... Qe4 $1 $19 33. Kd2 (33. Qc5 $142) 33... Qb4+ 34. Nc3 Nc4+ 35. Ke2 Nxb2 36. Qd5+ Kb6 37. Qe5 {aiming for Nd5+.} Kb7 $2 (37... Qc4+ $19 38. Kf3 a3 39. Qe3+ Ka6) 38. Qxc7+ $2 {[%mdl 8192]} (38. Qd5+ $11 Kb6 39. Qe5 Qc4+ 40. Ke1) 38... Kxc7 39. Nd5+ Kd6 40. Nxb4 {[%mdl 4096] Endgame KN-KN} Kc5 41. Na6+ Kc4 42. Kd2 a3 43. Kc1 Na4 {( -> ...a2)} 44. Kb1 Nc3+ 45. Ka1 Ne2 46. Nc7 Nxg3 47. Ne8 Nf5 {Precision: White = 57%, Black = 77%.} 0-1

[Event "3rd GRENKE Chess Open 2018"]
[Site "Karlsruhe"]
[Date "2018.03.31"]
[Round "5"]
[White "Zysk, Robert"]
[Black "Moussard, Jules"]
[Result "0-1"]
[WhiteElo "2428"]
[BlackElo "2576"]
[Annotator "TA"]
[PlyCount "92"]
[EventDate "2018.??.??"]
[EventType "swiss"]
[EventCountry "GER"]
[SourceTitle "playchess.com"]
[Source "ChessBase"]
[SourceQuality "1"]

{[%evp 14,92,-5,-7,-10,-16,-2,-15,-24,-19,0,-21,-10,-14,-12,-32,-20,-34,-28,-24,-2,-15,0,0,0,0,0,0,0,0,1,13,29,0,14,0,16,18,21,18,20,0,7,13,20,8,28,35,16,27,51,42,62,50,50,53,251,166,226,227,229,233,237,225,281,211,194,0,0,-558,-493,-474,-474,-443,-392,-710,-687,-862,-858,-828,-780]} 1. Nf3 d6 2. d4 Nf6 3. g3 Nbd7 4. Bg2 e5 5. dxe5 dxe5 6. O-O Bc5 7. Nc3 O-O {A46: 1 d4 Nf6 2 Nf3 e6: Torre, London and Colle Systems} 8. Bg5 {LiveBook: 3 Games} h6 9. Bxf6 Qxf6 {The position is equal.} 10. Ne4 Qe7 11. Nxc5 Qxc5 12. Nd2 (12. c3 a5 13. Qc2 Nf6 14. Nd2 c6 15. b3 {½-½ (23) Heinzel,O (2363)-Neuman,P (2476) Tabor 2012}) 12... Nf6 13. Nb3 Qe7 $146 ({Predecessor:} 13... Qb6 14. Qd3 Re8 15. e3 {½-½ (51) Egartner,W (2165)-Birke,M (2280) Germany 2002}) 14. Qd2 e4 15. Rad1 b6 16. Nd4 Re8 17. c4 a6 18. b3 Qe5 19. h3 Bd7 20. e3 Rad8 21. Qc2 c5 22. Ne2 b5 23. Nf4 Bc6 24. cxb5 Bxb5 25. Rxd8 Rxd8 26. Rc1 g5 27. Ne2 Bd3 28. Qc3 Qe6 29. Qb2 Nd7 30. g4 h5 31. gxh5 f5 32. h4 Bxe2 $1 33. Qxe2 gxh4 34. Rd1 Qf6 $2 {[#]} (34... Kf7 $14) 35. f4 exf3 (35... Nb6 {was worth a try.}) 36. Qxf3 $18 ({Stronger than} 36. Bxf3 Ne5 $11) 36... Kh8 37. Kh2 Qg7 38. h6 $1 {[%cal Rh6g7]} Qg6 39. Bh3 Rg8 {[#]} 40. Bxf5 $2 ({Much less strong is} 40. Qxf5 $6 Qg3+ 41. Kh1 Qxe3 $14) (40. h7 $1 $18 {[%cal Rh7g8]} Rg7 41. Bxf5) 40... Ne5 $11 41. Bxg6 $4 {[%mdl 8192]} (41. Qf2 $1 $11 {and White is okay.}) 41... Nxf3+ {KRB-KRN} 42. Kg2 Ne5 43. Kh3 {Bh5 is the strong threat.} Nxg6 (43... Rxg6 $2 44. Kxh4 Rxh6+ 45. Kg3 $19) 44. Rd5 $2 (44. Kg4) 44... Re8 $19 {Black is clearly winning.} 45. Rxc5 Rxe3+ 46. Kg4 Kh7 {Precision: White = 51%, Black = 54%.} 0-1

[Event "3rd GRENKE Chess Open 2018"]
[Site "Karlsruhe"]
[Date "2018.03.31"]
[Round "5"]
[White "Xu, Xianliang"]
[Black "Santos Latasa, Jaime"]
[Result "1/2-1/2"]
[WhiteElo "2424"]
[BlackElo "2549"]
[Annotator "TA"]
[PlyCount "60"]
[EventDate "2018.??.??"]
[EventType "swiss"]
[EventCountry "GER"]
[SourceTitle "playchess.com"]
[Source "ChessBase"]
[SourceQuality "1"]

{[%evp 20,60,22,30,60,-30,-33,-34,-33,-35,-35,-40,-45,-53,-30,-36,-38,-33,-29,-53,-48,-42,-35,-41,-43,-81,-64,-78,-60,-64,-7,-21,0,0,0,0,12,9,5,0,0,0,18]} 1. e4 e5 2. Nf3 Nc6 3. d4 exd4 4. Bc4 Nf6 5. O-O Nxe4 6. Re1 d5 7. Bxd5 Qxd5 8. Nc3 Qh5 9. Nxe4 Be6 10. Bg5 h6 11. Bf6 $1 {LiveBook: 18 Games} Qd5 {C56: Two Knights: 4 d4 exd4 5 0-0 Nxe4} (11... Qg6 12. Nh4 Qh7 13. c3 Be7 14. Bxe7 Nxe7 15. Qa4+ Nc6 16. Nc5 O-O 17. Nxe6 fxe6 18. Qb3 g5 19. Rxe6 gxh4 20. Rxc6+ {½-½ (100) Li,R (2535)-Durarbayli,V (2611) Indianapolis 2016}) 12. Nxd4 (12. a3 $14) 12... Nxd4 $11 13. Qxd4 Qxd4 {Black is slightly better.} 14. Bxd4 b6 $146 ({Predecessor:} 14... O-O-O 15. Bc3 Bf5 16. Re2 Bh7 17. Rae1 Rg8 18. a3 f5 19. Ng3 {0-1 (36) Sharang,S (1863)-Sarbojit,P (1955) Thrissur 2014}) 15. b3 O-O-O 16. c3 Bf5 17. f3 Rg8 18. Rad1 Bg6 19. b4 f6 20. a4 Rd7 21. a5 Be7 22. b5 Bf7 ({But not} 22... bxa5 23. Ra1 $11) 23. Ng3 Bd8 24. axb6 cxb6 (24... axb6 $15 25. Ra1 Re8) 25. Nf5 {The position is equal.} Bb3 {[#] Hoping for ...Bc2.} 26. Rd2 Bc4 27. Be3 Bd3 28. Nd4 Bc4 29. Nf5 {Threatening Rxd7.} Bd3 30. Nd4 Bc4 {Precision: White = 43%, Black = 32%.} 1/2-1/2

[Event "3rd GRENKE Chess Open 2018"]
[Site "Karlsruhe"]
[Date "2018.03.31"]
[Round "5"]
[White "Braeuer, Franz"]
[Black "Danin, Alexandre"]
[Result "1/2-1/2"]
[WhiteElo "2423"]
[BlackElo "2540"]
[Annotator "TA"]
[PlyCount "60"]
[EventDate "2018.??.??"]
[EventType "swiss"]
[EventCountry "GER"]
[SourceTitle "playchess.com"]
[Source "ChessBase"]
[SourceQuality "1"]

{[%evp 13,60,-16,-16,-17,0,0,0,0,10,0,12,14,7,-8,0,-38,-21,-42,0,-10,-14,-20,-10,-13,-8,0,-2,-14,0,-18,-14,-12,-14,-31,-9,-18,-8,-10,-12,-20,0,-7,-8,-13,-10,-18,-4,-18,0]} 1. e4 e6 2. d4 d5 3. Nd2 c5 4. exd5 Qxd5 5. dxc5 Nf6 (5... Bxc5 6. Ngf3 Nf6 7. Bc4 Qc6 8. Qe2 O-O 9. Nb3 Nbd7 10. Bf4 Bd6 11. Nbd4 Qb6 12. Bxd6 Qxd6 13. O-O-O Qf4+ 14. Kb1 Nb6 15. Bb3 {0-1 (28) Naiditsch,A (2705)-Le,Q (2737) Riadh 2017}) 6. Ngf3 {C07: French Tarrasch: 3...c5, 4 Ngf3 and 4 exd5 Qxd5} Qxc5 7. Nb3 Qc7 {LiveBook: 3 Games} 8. g3 $146 ({Predecessor:} 8. Bd3 h6 9. Qe2 Nc6 10. Nbd4 Nxd4 11. Nxd4 a6 12. Bd2 Be7 13. O-O-O {1-0 (52) Shevelev,A (2280)-Renman,N (2368) Acqui Terme 2017}) 8... Nc6 9. Bg2 e5 10. O-O Be7 11. Qe2 O-O 12. Re1 {[%cal Rf3e5]} Re8 13. Bd2 Bg4 {[#] aiming for ...e4.} 14. Qc4 Bd6 15. Ng5 Bf5 16. Ne4 Nxe4 17. Bxe4 Bxe4 18. Qxe4 Rad8 19. Rad1 f6 20. Be3 Qf7 21. Qd5 Bf8 22. Qxf7+ Kxf7 23. f3 h5 24. c3 {The position is equal.} g6 25. Kf2 Ke6 26. Bc5 Kf7 27. Bxf8 Rxf8 28. Nc5 b6 29. Ne4 Ke6 30. Ke2 Ne7 {Precision: White = 44%, Black = 41%.} 1/2-1/2

[Event "3rd GRENKE Chess Open 2018"]
[Site "Karlsruhe"]
[Date "2018.03.31"]
[Round "5"]
[White "Barbot, Pierre"]
[Black "Kuljasevic, Davorin"]
[Result "1/2-1/2"]
[WhiteElo "2422"]
[BlackElo "2538"]
[Annotator "TA"]
[PlyCount "102"]
[EventDate "2018.??.??"]
[EventType "swiss"]
[EventCountry "GER"]
[SourceTitle "playchess.com"]
[Source "ChessBase"]
[SourceQuality "1"]

{[%evp 11,102,-17,-14,-26,-43,-40,-35,-41,-23,-47,-40,-42,-43,-38,-32,-43,-41,-17,-20,-73,-64,-148,-115,-106,-105,-98,-91,-101,-85,-106,-85,-115,-117,-117,-142,-190,-127,-190,-144,-202,-109,-124,-122,-107,-112,-122,-76,-125,-136,-204,-193,-213,-196,-183,-190,-212,-183,-251,-222,-281,-275,-292,-279,-266,-272,-291,-242,-225,-126,-128,0,-169,0,-120,-110,-366,-249,-215,-239,-233,-60,-56,-70,-62,-62,-80,-44,-56,0,-71,0,-41,0]} 1. d4 Nf6 2. c4 e6 3. Nf3 d5 4. Bg5 Bb4+ 5. Nbd2 dxc4 6. e3 {D30: Queen's Gambit Declined: Systems without Nc3} b5 {LiveBook: 9 Games} 7. a4 c6 8. Be2 Nbd7 9. O-O Bb7 10. Qc2 O-O 11. b3 c3 12. Ne4 bxa4 $146 ({Predecessor:} 12... h6 13. Bh4 g5 14. Nxf6+ Nxf6 {0-1 (49) Nakamura,H (2784)-Morozevich,A (2760) Moscow 2013}) 13. Rxa4 a5 14. Nxc3 c5 {...cxd4 is the strong threat.} 15. Rc1 (15. Na2 $11) 15... Rc8 $17 16. Qd3 (16. Qb2 $1 $15) 16... Bxf3 17. gxf3 cxd4 18. exd4 h6 19. Be3 Nb6 $36 {[%mdl 2048] White is under strong pressure.} 20. Raa1 Nbd5 21. Ne4 Rxc1+ 22. Rxc1 Nh5 23. Bf1 Qh4 (23... f5 $19 {Strongly threatening ...Nhf4.} 24. Nc5 Nhf4) 24. Rc6 (24. Qa6 $17) 24... Nhf4 25. Qc2 (25. Qd1 $17) 25... Qh5 (25... Nh3+ $19 26. Kh1 f5) 26. Qd1 Rd8 27. Ng3 Qh4 28. Qc1 Ne7 29. Rc4 Nfd5 30. Bd3 (30. Qb1 $17) 30... f5 $1 $19 31. Bd2 Rb8 32. Bxb4 axb4 33. Qe1 Qf6 34. Qa1 (34. Rc1 {was necessary.}) 34... Nf4 35. Qa7 Rd8 36. Bf1 Ned5 37. Kh1 h5 38. Qa2 Qg5 39. Ne2 {[#]} Nd3 ({Black should try} 39... Qh4 $1 $19 {[%cal Rh4f2]} 40. Nxf4 Qxf4) 40. Ng3 $17 N3f4 41. Ne2 $1 Nd3 {[%cal Rd3f2]} 42. Ng3 {[#]} Nc3 $1 {[%cal Rc3a2]} 43. Qa6 $2 {[%mdl 8192]} (43. Rxc3 $17 {is the only way for White.} bxc3 44. Bxd3 Rxd4 45. Qe2) 43... Nf4 44. Rxb4 h4 45. Rc4 hxg3 $2 (45... Nd1 $19 46. Kg1 Kh7) 46. fxg3 $15 Nfd5 47. Qxe6+ Kh7 48. Qe1 Nb5 {Hoping for ...Qe3.} 49. Qe5 $1 Nbc3 50. Qe1 $1 Nb5 {aiming for ...Qe3.} 51. Qe5 $1 Nbc3 {Precision: White = 49%, Black = 65%.} 1/2-1/2

[Event "3rd GRENKE Chess Open 2018"]
[Site "Karlsruhe"]
[Date "2018.03.31"]
[Round "5"]
[White "Bruedigam, Martin"]
[Black "Kollars, Dmitrij"]
[Result "0-1"]
[WhiteElo "2409"]
[BlackElo "2534"]
[Annotator "TA"]
[PlyCount "92"]
[EventDate "2018.??.??"]
[EventType "swiss"]
[EventCountry "GER"]
[SourceTitle "playchess.com"]
[Source "ChessBase"]
[SourceQuality "1"]

{[%evp 19,92,14,22,0,0,0,0,0,0,0,0,0,0,-43,-22,-31,-12,-71,-59,-66,-32,-104,-110,-101,-89,-142,-142,-158,-96,-372,-129,-147,-137,-146,-143,-136,-137,-131,-143,-136,-139,-147,-103,-120,-110,-143,-132,-135,-87,-97,-93,-111,-96,-202,-198,-321,-293,-308,-253,-361,-358,-570,-553,-857,-822,-1308,-1250,-1952,-1188,-29979,-29979,-29983,-29984,-29986,-29987]} 1. e4 e5 2. Nf3 Nc6 3. Bc4 Nf6 4. d3 Bc5 5. O-O O-O 6. Nbd2 d6 7. c3 a5 {C54: Giuoco Piano: 4 c3 Nf6, main lines with 5 d4 and 5 d3} 8. h3 h6 9. Re1 a4 10. Nf1 Bd7 {LiveBook: 5 Games} 11. d4 (11. a3 Bb6 12. Ng3 Re8 13. Nh4 Ng4 14. hxg4 Qxh4 15. Qf3 Bxg4 16. Qxf7+ {0-1 (31) Dominguez Perez,L (2739)-Caruana,F (2811) chess.com INT 2018}) 11... Bb6 12. Ng3 Re8 13. Be3 $146 ({Predecessor:} 13. Bf1 Na5 14. b4 axb3 15. axb3 {1-0 (65) Leko,P (2693)-Ganguly,S (2668) Doha 2016}) 13... exd4 14. Nxd4 Ne5 15. Bf1 Ng6 16. Nc2 {Black should prevent Bxb6.} (16. Nf3 $5 {[%cal Re3b6]}) 16... Bxe3 17. Rxe3 Ra5 18. Qd2 (18. Nd4 $11 {remains equal.}) 18... Rae5 $36 {[%cal Rf6e4][%mdl 2048] Black is more active.} 19. Rae1 Bc6 {[%cal Rf6e4]} 20. Nd4 (20. f3 $15) 20... Nxe4 $17 21. Nxe4 Bxe4 22. Bb5 (22. c4 $142) 22... c6 23. Bxa4 Qg5 (23... Nf4 $142 24. Rg3 Qf6) 24. f3 $2 {[%mdl 8192] [#]} (24. g3 $17 {only move.}) 24... Bxf3 $2 (24... Bd3 $1 $19 {[%cal Re5e3][%mdl 512] is more deadly.} 25. Rxe5 (25. Qxd3 Rxe3) 25... Rxe5 26. Qxg5 Rxe1+ 27. Kf2 Rf1+ 28. Ke3 hxg5 29. Kxd3 Nf4+ 30. Kc4 Rf2) 25. Nxf3 Rxe3 26. Nxg5 Rxe1+ 27. Kf2 {Nf3 is the strong threat.} hxg5 28. Qxe1 Rxe1 29. Kxe1 {[%mdl 4096] Endgame KB-KN} Nf4 30. Kf1 g6 31. Bc2 Kg7 32. a4 Kf6 33. a5 Ne6 34. Kf2 Ke5 35. Kf3 f5 36. g3 (36. b4 $17) 36... Nc5 $19 37. g4 (37. Bd1 $142) 37... Ne4 38. Ke3 d5 39. Ba4 (39. Ke2 {might work better.}) 39... Nd6 40. gxf5 (40. Ke2 $142 c5 41. gxf5 gxf5 42. Bd7) 40... gxf5 {[%cal Bg6f5,Bf5g4,Bg4g3][%mdl 32]} 41. b4 Nb5 42. Kd3 Kf4 43. c4 dxc4+ 44. Kxc4 g4 {Black mates.} 45. hxg4 fxg4 46. Kd3 g3 {Precision: White = 25%, Black = 69%.} 0-1

[Event "3rd GRENKE Chess Open 2018"]
[Site "Karlsruhe"]
[Date "2018.03.31"]
[Round "5"]
[White "Runic, Zoran"]
[Black "Schlosser, Philipp"]
[Result "0-1"]
[WhiteElo "2407"]
[BlackElo "2510"]
[Annotator "TA"]
[PlyCount "52"]
[EventDate "2018.??.??"]
[EventType "swiss"]
[EventCountry "GER"]
[SourceTitle "playchess.com"]
[Source "ChessBase"]
[SourceQuality "1"]

{[%evp 21,52,7,0,-77,-78,-89,-53,-65,30,12,85,85,65,-10,-10,-8,-4,-4,-9,-4,-7,-20,-22,-31,-28,-46,-49,-64,-72,-114,-84,-351,-367]} 1. e4 e6 2. d4 d5 3. e5 c5 4. c3 Nc6 5. Nf3 Bd7 6. a3 Rc8 7. Bd3 cxd4 8. cxd4 Qb6 {C02: French: Advance Variation} 9. Bc2 g5 10. h3 Nxd4 11. Nxd4 Bc5 {LiveBook: 6 Games} 12. O-O (12. Ne2 $11 {remains equal.} Bxf2+ 13. Kf1) (12. Ne2 Bxf2+ 13. Kf1 f6 14. Nbc3 fxe5 15. Na4 Bxa4 16. Bxa4+ {½-½ (43) Illescas Cordoba,M (2607)-Matamoros Franco,C (2581) Estepona 2014}) 12... Bxd4 $17 13. Nc3 Bxe5 {White must now prevent ...Ne7.} 14. Re1 $146 {[%cal Re1e5]} ({Predecessor:} 14. Ba4 Nf6 15. Bxg5 Rg8 16. Bxf6 Bxf6 {0-1 (37) Pap,M (2495)-Nguyen,C (2432) Creon 2008}) 14... Bb8 ({Black should play} 14... Bd4 $15 15. Nxd5 Bxf2+ 16. Kh1 Qd4) 15. Qxd5 Ne7 (15... h6 $11) 16. Qxg5 $16 {aiming for Qf6.} Rg8 17. Qxe7+ (17. Qh4 $1 $14) 17... Kxe7 $11 18. Nd5+ $1 Kd8 19. Nxb6 Rxc2 $40 {[%mdl 128] White needs to defend precisely.} 20. Nxd7 Kxd7 21. Rb1 e5 {[%cal Be6e5,Be5e4][%mdl 32]} 22. Kf1 f5 23. Rd1+ Ke6 24. Bd2 e4 25. g3 h5 {[%cal Bh7h5,Bh5h4][%mdl 32]} 26. Be1 $2 {[%mdl 8192] [#]} (26. Bh6 $17 {is a better defense.}) 26... h4 $1 {[%mdl 512] Precision: White = 24%, Black = 60%.} 0-1

[Event "3rd GRENKE Chess Open 2018"]
[Site "Karlsruhe"]
[Date "2018.03.31"]
[Round "5"]
[White "Bakalchuk, Johnatan"]
[Black "Kanarek, Marcel"]
[Result "1/2-1/2"]
[WhiteElo "2405"]
[BlackElo "2506"]
[Annotator "TA"]
[PlyCount "100"]
[EventDate "2018.??.??"]
[EventType "swiss"]
[EventCountry "GER"]
[SourceTitle "playchess.com"]
[Source "ChessBase"]
[SourceQuality "1"]

{[%evp 19,100,17,34,42,45,19,19,6,21,8,12,18,24,-23,-18,-22,-18,-21,-7,-15,-15,-15,-15,-12,-14,-13,-13,-12,-15,-16,-11,-11,-12,-17,-15,-18,-9,-16,-7,-14,-14,-14,-14,-41,-11,-19,0,0,0,0,0,0,0,0,0,0,0,0,0,0,0,0,0,0,0,0,0,0,0,0,0,0,0,0,0,0,0,0,0,0,0,0,0]} 1. e4 c5 2. Nf3 d6 3. d4 cxd4 4. Nxd4 Nf6 5. Nc3 Nc6 6. Bc4 Bd7 7. Bb3 g6 8. f3 Nxd4 9. Qxd4 Bg7 10. Be3 O-O {LiveBook: 41 Games. B57: Classical Sicilian: Sozin with 6...Qb6} 11. Qd3 (11. Qd2 b5 12. a4 bxa4 13. Nxa4 Bc6 14. O-O a5 15. Bb6 Qd7 16. Bxa5 Bh6 17. Qc3 Ra6 18. Kh1 Qa7 19. e5 Nd7 20. e6 Bg7 21. Nb6 {0-1 (21) Kravtsiv,M (2549)-Li,C (2622) Beijing 2008}) 11... Qa5 12. O-O Bc6 $146 ({Predecessor:} 12... b5 13. a3 Rab8 14. Rfd1 Qc7 15. a4 {½-½ (15) Penrose,J-Wade,R Whitby/ Yorkshire 1962}) 13. Bd4 b5 14. Rfe1 Rfe8 15. a4 {[%cal Ra4b5]} b4 16. Qc4 {[#] Threatens to win with Nb5.} bxc3 17. Qxc6 cxb2 18. Bxb2 Nh5 19. e5 Bxe5 20. Bxe5 dxe5 21. Qb5 Qc3 22. Qxe5 Rac8 23. Rad1 Nf6 24. Rd3 Qxe5 25. Rxe5 Rc7 26. h4 h5 27. Rd4 Nd7 28. Red5 Nc5 29. Rd8 Rxd8 30. Rxd8+ $11 {[%mdl 4096] Endgame KRB-KRN} Kg7 31. Rd4 e6 32. Rc4 {The position is equal.} e5 33. Kf2 a5 34. f4 e4 35. Rd4 f5 36. Rd5 Rc6 37. Re5 Kf6 38. Kf1 Rc7 39. Kf2 Rc8 40. Kf1 Rc7 41. Kf2 Rc8 42. Kf1 Nxb3 43. cxb3 {KR-KR} Rb8 44. Rxa5 Ke6 45. Ra6+ Kd5 46. Rxg6 Rxb3 47. Kf2 Rb2+ 48. Ke3 Rb3+ 49. Kf2 Rb2+ 50. Ke3 Rb3+ {Precision: White = 65%, Black = 71%.} 1/2-1/2

[Event "3rd GRENKE Chess Open 2018"]
[Site "Karlsruhe"]
[Date "2018.03.31"]
[Round "5"]
[White "Menezes, Christoph"]
[Black "Korpa, Bence"]
[Result "1/2-1/2"]
[WhiteElo "2400"]
[BlackElo "2502"]
[Annotator "TA"]
[PlyCount "52"]
[EventDate "2018.??.??"]
[EventType "swiss"]
[EventCountry "GER"]
[SourceTitle "playchess.com"]
[Source "ChessBase"]
[SourceQuality "1"]

{[%evp 21,52,0,0,-28,-27,-16,0,-47,-47,-52,-48,-46,-49,-54,-47,-45,-39,-77,-77,-88,-81,-97,-70,-79,-76,-66,-11,-10,-10,-11,-9,-16,-28]} 1. Nf3 c5 2. c4 Nf6 3. Nc3 Nc6 4. g3 d5 5. cxd5 Nxd5 6. Bg2 Nc7 7. O-O e5 8. a3 Rb8 {A34: Symmetrical English: 2 Nc3, lines with ...d5} 9. d3 Be7 10. Nd2 Bd7 11. Nc4 f6 $1 {LiveBook: 8 Games} 12. Bd2 $146 ({Predecessor:} 12. f4 O-O 13. fxe5 Nxe5 14. Nxe5 fxe5 15. Rxf8+ Bxf8 16. Be3 {½-½ (42) Matlakov,M (2689)-Le,Q (2712) Dubai 2014}) 12... O-O 13. Rc1 Kh8 14. f4 b5 15. Ne3 exf4 $1 16. gxf4 Nd4 17. Ne4 Na6 18. f5 Be8 19. Ng4 Qd7 20. Bf4 Rc8 21. Ne3 Bf7 22. Kh1 Rfd8 23. Qe1 c4 (23... Nb3 $15 24. Rd1 Nc7) 24. dxc4 $11 {The position is equal.} bxc4 25. Rd1 Qe8 26. Nc3 Nc5 {Precision: White = 53%, Black = 76%.} 1/2-1/2